Kluby z Premier League które nigdy nie spadły z ligi - Statystyki

Ogólne statystyki
  • Ten quiz został rozwiązany 415 razy
  • Średni wynik to 5 z 6
Statystyki odpowiedzi
Team % Poprawnych
Arsenal
96%
Manchester United
95%
Liverpool
93%
Chelsea
87%
Everton
76%
Tottenham Hotspur
21%
Nie znaleziono quizów pasujących do podanych kryteriów
Rozkład punktacji
Procent ludzi z każdym wynikiem
Percentyl według liczby udzielonych odpowiedzi
Twoja historia wyników
Nie rozwiązałeś tego quizu